| 000 | 06391nam a2201009 4500 | ||
|---|---|---|---|
| 001 | 9783111026503 | ||
| 003 | DE-B1597 | ||
| 005 | 20260416115156.0 | ||
| 006 | m|||||o||d|||||||| | ||
| 007 | cr || |||||||| | ||
| 008 | 260303s2023 gw fo d z eng d | ||
| 020 | _a9783111026503 | ||
| 024 | 7 |
_a10.1515/9783111026503 _2doi |
|
| 035 | _a(DE-B1597)635378 | ||
| 035 | _z(OCoLC)1374540553 | ||
| 040 |
_aDE-B1597 _beng _cDE-B1597 _erda |
||
| 041 | 0 | _aeng | |
| 044 |
_agw _cDE |
||
| 072 | 7 |
_aLIT _x000000 _2bisacsh |
|
| 072 | 7 |
_aLIT _x022000 _2bisacsh |
|
| 072 | 7 |
_aREL _x000000 _2bisacsh |
|
| 100 | 1 |
_aSteinby, Liisa, _eauthor. _4aut _4http://id.loc.gov/vocabulary/relators/aut |
|
| 245 | 0 | 0 |
_aMyth in the Modern Novel : _bImagining the Absolute / _cLiisa Steinby. |
| 264 | 1 |
_aBerlin _aBoston _bDe Gruyter, _c[2023] |
|
| 264 | 4 | _c©2023 | |
| 300 | _a1 online resource (XII, 545 p.) | ||
| 336 |
_atext _btxt _2rdacontent |
||
| 337 |
_acomputer _bc _2rdamedia |
||
| 338 |
_aonline resource _bcr _2rdacarrier |
||
| 347 |
_atext file _bPDF _2rda |
||
| 490 | 0 |
_aCulture & Conflict , _x2194-7104 ; _v22 |
|
| 505 | 0 | 0 |
_tFrontmatter -- _tForeword -- _tContents -- _tIntroduction: Myth in the Modern Novel? -- _tPart I: Assimilation and Amalgamation: Myth and Modernity -- _tChapter 1 Imagining the Absolute: Herder's Rehabilitation of Myth -- _tChapter 2 The Early Romantic Idea of a New Mythology: Poeticising the World in Novalis's Heinrich von Ofterdingen -- _tChapter 3 Thomas Mann's Joseph and His Brothers: The Myth of Evolving Humanity -- _tChapter 4 The Material Imagination in Michel Tournier's Friday -- _tChapter 5 From Traditional to Modern Use of Tribal Myths in Leslie Marmon Silko's Ceremony -- _tChapter 6 Torgny Lindgren: Religious Mythopoiesis and Its Modern Surrogates -- _tPart II: Maintaining the Distinction: Myth or Modernity -- _tChapter 7 The Night Side of Nature in E. T. A. Hoffmann's The Devil's Elixirs -- _tChapter 8 Myth and Science in Zola's Naturalism -- _tChapter 9 Germanness and Mythic Evil in Thomas Mann's Doctor Faustus -- _tChapter 10 Christa Wolf's Cassandra and Medea: Myth as a Disguise for a Critique of Contemporary Society -- _tChapter 11 Milan Kundera: The Search beyond Myth for the Authentic Individual -- _tConclusion: Coming to Terms with Myth -- _tLiterature -- _tName Index |
| 506 | 0 |
_arestricted access _uhttp://purl.org/coar/access_right/c_16ec _fonline access with authorization _2star |
|
| 520 | _aMyth in the Modern Novel: Imagining the Absolute posits a twofold thesis. First, although Modernity is regarded as an era dominated by science and rational thought, it has in fact not relinquished the hold of myth, a more "primitive" form of thought which is difficult to reconcile with modern rationality. Second, some of the most important statements as to the reconcilability of myth and Modernity are found in the work of certain prominent novelists. This book offers a close examination of the work of eleven writers from the late eighteenth century to the beginning of the twenty-first, representing German, French, American, Czech and Swedish literature. The analyses of individual novels reveal a variety of intriguing views of myth in Modernity, and offer an insight into the "modernizing" transformations myth has undergone when applied in the modern novel. The study shows the presence of the "subconscious", the mythic layer, in modern western culture and how this has been dealt with in novelistic literature. | ||
| 530 | _aIssued also in print. | ||
| 532 | 8 | _aThe accessibility of this resources in unknown or unassessed. | |
| 538 | _aMode of access: Internet via World Wide Web. | ||
| 545 | _aLiisa Steinby, University of Turku, Finland. | ||
| 546 | _aIn English. | ||
| 588 | 0 | _aDescription based on online resource; title from PDF title page (publisher's Web site, viewed March 03 2026) | |
| 650 | 7 |
_aLITERARY CRITICISM / General. _2bisacsh |
|
| 650 | 7 |
_aLITERARY CRITICISM / Fairy Tales, Folk Tales, Legends & Mythology. _2bisacsh |
|
| 650 | 7 |
_aRELIGION / General. _2bisacsh |
|
| 653 | 0 | _aMythos | |
| 653 | 0 | _aModerne | |
| 653 | 0 | _aRoman der Moderne | |
| 653 | 0 | _aMyth | |
| 653 | 0 | _amodernity | |
| 653 | 0 | _amodern novel | |
| 653 | 0 | _aMyth | |
| 653 | 0 | _amodernity | |
| 653 | 0 | _amodern novel | |
| 773 | 0 | 8 |
_iTitle is part of eBook package: _dDe Gruyter _tDG Plus DeG Package 2023 Part 1 _z9783111175782 _oZDB-23-23 |
| 773 | 0 | 8 |
_iTitle is part of eBook package: _dDe Gruyter _teBook Package Cultural and Area Studies 2023 / eBook-Paket Kulturwissenschaft und Area Studies 2023 _z9783111318127 _oZDB-23-78 |
| 773 | 0 | 8 |
_iTitle is part of eBook package: _dDe Gruyter _teBook Package Complete 2023 / eBook-Paket Gesamt 2023 _z9783111318912 _oZDB-23-DGG |
| 773 | 0 | 8 |
_iTitle is part of eBook package: _dDe Gruyter _teBook Package Cultural and Area Studies 2023 English / eBook-Paket Kulturwissenschaft und Area Studies 2023 Englisch _z9783111319094 _oZDB-23-77 |
| 773 | 0 | 8 |
_iTitle is part of eBook package: _dDe Gruyter _teBook Package Complete 2023 English / eBook-Paket Gesamt 2023 Englisch _z9783111319292 _o978-3-11-131929-2 EBOOK PACKAGE COMPLETE 2023 English |
| 773 | 0 | 8 |
_iTitle is part of eBook package: _dDe Gruyter _tEBOOK PACKAGE Literary and Cultural Studies 2023 DGB - ALL LANG _z9783112211229 _oZDB-23-67 |
| 773 | 0 | 8 |
_iTitle is part of eBook package: _dDe Gruyter _tEBOOK PACKAGE Literary and Cultural Studies 2023 DGB - ENG _z9783112211274 _oZDB-23-68 |
| 776 | 0 |
_cEPUB _z9783111027005 |
|
| 776 | 0 |
_cprint _z9783111026343 |
|
| 856 | 4 | 0 | _uhttps://www.degruyterbrill.com/isbn/9783111026503 |
| 856 | 4 | 2 |
_3Cover _uhttps://www.degruyterbrill.com/document/cover/isbn/9783111026503/original |
| 912 |
_aZDB-23-23 _b2023 |
||
| 912 |
_aZDB-23-78 _b2023 |
||
| 912 |
_aZDB-23-DGG _b2023 |
||
| 912 |
_aZDB-23-77 _b2023 |
||
| 912 |
_a978-3-11-131929-2 EBOOK PACKAGE COMPLETE 2023 English _b2023 |
||
| 912 |
_aZDB-23-67 _b2023 |
||
| 912 |
_aZDB-23-68 _b2023 |
||
| 912 | _aEBA_CL_HICS | ||
| 912 | _aEBA_CL_LT | ||
| 912 | _aEBA_DGALL | ||
| 912 | _aEBA_EBKALL | ||
| 912 | _aEBA_EBKALL2 | ||
| 912 | _aEBA_ECL_HICS | ||
| 912 | _aEBA_ECL_LT | ||
| 912 | _aEBA_EEBKALL | ||
| 912 | _aEBA_EEBKALL2 | ||
| 912 | _aEBA_ESSHALL | ||
| 912 | _aEBA_ESSHALL2 | ||
| 912 | _aEBA_EXCL | ||
| 912 | _aEBA_SSHALL | ||
| 912 | _aEBA_SSHALL2 | ||
| 912 | _aGBV-deGruyter-alles | ||
| 942 | _cE-BOOK | ||
| 999 |
_c49589 _d49589 |
||